000 00511nam a2200169 i 4500
001 bg
245 0 _aKatalog tranzystorów :
_bdane techniczne ułatwiające identyfikację, wybór i zamianę tranzystorów /
_cTowers' International.
260 _aWarszawa :
_bWydawnictwa Komunikacji i Łączności,
_c1992.
300 _a432 s. ;
_c25 cm.
650 9 _aTranzystory
655 _aKatalogi
040 _cBPK
041 _apl
080 _a621.382
942 _cKA
008 s pl f |000 0 pol
999 _c10084
_d10084